US Presidents Given Names by First Two Letters in 90 Seconds - Statistics

General Stats
  • This quiz has been taken 243 times
  • The average score is 33 of 44
Answer Stats
president % Correct
John Adams
98%
John F Kennedy
98%
John Quincy Adams
98%
John Tyler
98%
George H W Bush
97%
George Washington
97%
George W Bush
97%
Gerald Ford
97%
Donald Trump
93%
Barack Obama
91%
Bill Clinton
91%
Jimmy Carter
91%
James Buchanan
89%
James Garfield
89%
James K Polk
89%
James Madison
89%
James Monroe
89%
Theodore Roosevelt
89%
Thomas Jefferson
87%
Ronald Reagan
85%
Abraham Lincoln
80%
William Henry Harrison
78%
William McKinley
78%
William Taft
78%
Richard Nixon
77%
Franklin D Roosevelt
75%
Franklin Pierce
75%
Harry Truman
73%
Dwight Eisenhower
66%
Herbert Hoover
66%
Calvin Coolidge
61%
Lyndon B Johnson
61%
Martin Van Buren
61%
Ulysses S Grant
61%
Woodrow Wilson
61%
Andrew Jackson
58%
Andrew Johnson
58%
Grover Cleveland
54%
Chester A Arthur
49%
Millard Fillmore
49%
Warren Harding
42%
Zachary Taylor
42%
Benjamin Harrison
41%
Rutherford B Hayes
39%
No matching quizzes found
Score Distribution
Percent of People with Each Score
Percentile by Number Answered
Your Score History
You have not taken this quiz